000 00739nam a2200253Ia 4500
003 OSt
005 20220918164445.0
006 a|||||r|||| 00| 0
007 ta
008 220917b |||||||| |||| 00| 0 eng d
020 _a0631162046 (PB)
024 _a125,223
037 _cTextual
040 _aARTS
_cARTS
_beng
041 _2eng
_aeng
082 _aO111:g(R39N), M9 (TTO)
100 _aConnor Steven
_919041
245 0 _aPostmodernist culture
_b An introduction to theories of the contemporary
260 _aOxford
_bBlackwell UK
_c1989
300 _aviii,274p.
_ccm.
650 _aENGLISH LITERATURE
942 _hO111:g(R39N), M9 (TTO)
_cTEXL
_2CC
999 _c124915
_d124915